Pokémon Cover Stars - Statistics

General Stats
  • This quiz has been taken 97 times
    95 since last reset
  • The average score is 19 of 25
Answer Stats
Game Year Released Answer % Correct
Pokémon Red 1996 Charizard
98%
Pokémon Yellow 1999 Pikachu
98%
Pokémon Blue 1998 Blastoise
90%
Pokémon Gold 2000 Ho-Oh
90%
Pokémon Green 1996 Venusaur
89%
Pokémon Ruby 2002 Groudon
88%
Pokémon Sapphire 2002 Kyogre
88%
Pokémon Pearl 2007 Palkia
88%
Pokémon Silver 2000 Lugia
86%
Pokémon Diamond 2007 Dialga
85%
Pokémon Emerald 2005 Rayquaza
83%
Pokémon White 2011 Zekrom
81%
Pokémon Black 2011 Reshiram
80%
Pokémon Platinum 2009 Giratina
79%
Pokémon Black 2 2012 Kyurem
73%
Pokémon Moon 2016 Lunala
73%
Pokémon Sun 2016 Solgaleo
73%
Pokémon X 2013 Xerneas
72%
Pokémon Y 2013 Yveltal
72%
Pokémon Crystal 2001 Suicune
67%
Pokémon Sword 2019 Zacian
65%
Pokémon Shield 2019 Zamazenta
63%
Pokémon Ultra Sun 2017 Necrozma
62%
Pokémon Violet 2022 Miraidon
53%
Pokémon Scarlet 2022 Koraidon
49%
No matching quizzes found
Score Distribution
Percent of People with Each Score
Percentile by Number Answered
Your Score History
You have not taken this quiz since the last reset